000 00905nam a2200193 i 4500
001 152947
003 ES-MaACL
005 20250901095129.0
008 040902s1897 sp |||| | spa d
040 _aCAM
_bspa
_cCAM
110 2 _aCámara Oficial de Comercio e Industria de Tarrasa
_9134319
245 1 0 _aMemoria presentada por la Junta Directiva á la Asamblea General el 26 de diciembre de 1896 /
_cCámara de Comercio de Tarrasa.
260 _aTarrasa :
_b[s.n.],
_c1897 (
_fEstablecimiento tipo-litográfico de Vda. é Hijo de Antonio Ventayol)
300 _a15, [4] p. ;
_c28 cm.
594 _aMemoria firmada por el secretario general José Marcet y Poal.
610 2 7 _aCámara Oficial de Comercio e Industria de Tarrasa-
_vMemorias
_2
_9170368
852 _aES-MaACL
_jT-822-F-12
_z-- Enc. hol. conservando la cub. original
_z-- Enc. en un vol. facticio
999 _c152947
_d152947